000 00330nam a2200133 4500
005 20260530115301.0
100 1 _aRenato De Fusco
_931181
245 1 0 _aIl'gioco'del design
264 1 _bElecta Napoli
_c1988
300 _a263 páginas
336 _atexto
_2rdacontent
337 _asin medio
_2rdamedia
338 _avolumen
_2rdacarrier
999 _c12834
_d12834